| 000 | 00992nam a22002417a 4500 | ||
|---|---|---|---|
| 005 | 20101215120844.0 | ||
| 008 | 101215t xxu||||| |||| 00| 0 mar d | ||
| 010 | _aMAR-20427 | ||
| 020 |
_a9788184981605 _c150.00 |
||
| 035 | _aMR-13085 | ||
| 037 | _bDBAD / PUB | ||
| 040 |
_aDPL _bMR |
||
| 082 | _a891.463 | ||
| 100 |
_aकदम,उमेश _924805 |
||
| 245 |
_aउद्ध्वस्त/ _cउमेश कदम |
||
| 246 |
_aUdhvasta _bby Uday Kadam |
||
| 260 |
_aपुणे _bमेहता पब्लिशिंग हाऊस _c2010 |
||
| 270 |
_a1941 सदाशिव पेठ,सदाशिव पेठ,,माडीवाले कॉलनी, _bपुणे _e411030 |
||
| 300 |
_aआठ;332पृ _c21सेमी(अजिल्द) |
||
| 700 | _924824 | ||
| 942 |
_2ddc _cMR _k891.463 _mकदम, |
||
| 999 |
_c49226 _d49226 |
||